[Event "NOR-chB"]
[Site "Oslo"]
[Date "2023.07.08"]
[Round "9"]
[White "Omtvedt, Aleksander"]
[Black "Wasshaug, Espen"]
[Result "0-1"]
[WhiteElo "1888"]
[BlackElo "1883"]
[PlyCount "38"]
[EventDate "2023.06.30"]
[EventType "swiss"]
[EventRounds "9"]
[EventCountry "NOR"]
[SourceTitle "EXT 2024"]
[Source "ChessBase"]
[SourceDate "2023.10.10"]
[SourceVersion "1"]
[SourceVersionDate "2023.10.10"]
[SourceQuality "1"]

1. d4 Nf6 2. Nf3 g6 3. g3 Bg7 4. Bg2 c5 5. c4 cxd4 6. Nxd4 Nc6 7. 0-0 Qb6 8. Nb3 d6 9. h3 Be6 10. Qc2 Nb4 11. Qc3 Nh5 12. Qd2 Nxg3 13. c5 Nxf1 14. cxb6 Nxd2 15. Bxb7 Nxb1 16. Bxa8 axb6 17. Rxb1 0-0 18. Bg2 Nxa2 19. Nd2 Rc8 0-1

[Event "NOR-chB"]
[Site "Oslo"]
[Date "2023.07.06"]
[Round "7"]
[White "Omtvedt, Aleksander"]
[Black "Lange, David"]
[Result "1-0"]
[WhiteElo "1888"]
[BlackElo "1987"]
[PlyCount "142"]
[EventDate "2023.06.30"]
[EventType "swiss"]
[EventRounds "9"]
[EventCountry "NOR"]
[SourceTitle "EXT 2024"]
[Source "ChessBase"]
[SourceDate "2023.10.10"]
[SourceVersion "1"]
[SourceVersionDate "2023.10.10"]
[SourceQuality "1"]

1. Nf3 d5 2. d4 Nf6 3. g3 e6 4. Bg2 b6 5. 0-0 Bb7 6. c4 Bd6 7. Nc3 0-0 8. cxd5 exd5 9. Nb5 Be7 10. Bf4 Na6 11. Rc1 c6 12. Nc3 Nc7 13. Bh3 Ne6 14. Be3 Bd6 15. Re1 Re8 16. Qa4 Nd7 17. Bd2 Qf6 18. Nxd5 Qd8 19. Nc3 c5 20. d5 Nef8 21. Bf4 Nf6 22. Bxd6 Qxd6 23. e4 N8d7 24. Qc2 Rad8 25. a4 Ne5 26. Nxe5 Qxe5 27. Qd3 Qh5 28. Bg2 Ng4 29. h3 Ne5 30. Qd1 Qg6 31. f4 Nc6 32. Qg4 Qxg4 33. hxg4 Nd4 34. Kf2 h6 35. Nb5 Nxb5 36. axb5 a5 37. b3 g6 38. Rcd1 Bc8 39. Kf3 Bb7 40. Bh3 Kg7 41. Re3 Bc8 42. Bf1 Bd7 43. Bc4 Ra8 44. Ra1 Re7 45. e5 Ra7 46. Ra2 Ra8 47. Re1 Ra7 48. Re3 Ra8 49. Be2 Rd8 50. d6 Ree8 51. Bc4 Rb8 52. Rd2 Rbd8 53. Rh2 Rb8 54. Rh4 Rbd8 55. Rh1 Rb8 56. Rhe1 Rbd8 57. Be2 Bc8 58. Bc4 Bd7 59. Rf1 Rb8 60. Rb1 Rbd8 61. Bd3 f6 62. Rbe1 fxe5 63. fxe5 Be6 64. Bc4 Bxc4 65. bxc4 g5 66. Rd3 Kf7 67. Ke4 Ke6 68. Rh1 Rh8 69. Rf3 a4 70. Rhf1 Ra8 71. Rf7 a3 1-0

[Event "Norway Chess op-A"]
[Site "Stavanger"]
[Date "2022.06.09"]
[Round "8"]
[White "Narland, Tallak"]
[Black "Omtvedt, Aleksander"]
[Result "1/2-1/2"]
[WhiteElo "2165"]
[BlackElo "1914"]
[PlyCount "70"]
[EventDate "2022.06.03"]
[EventType "swiss"]
[EventRounds "9"]
[EventCountry "NOR"]
[SourceTitle "CBM 208 Extra"]
[Source "ChessBase"]
[SourceDate "2022.07.31"]
[SourceVersion "1"]
[SourceVersionDate "2022.07.31"]
[SourceQuality "1"]

1. d4 d5 2. e3 Nf6 3. Bd3 c6 4. Nd2 Bg4 5. f3 Bh5 6. Ne2 e6 7. Nf4 Bg6 8. c3 Bxd3 9. Nxd3 Nbd7 10. f4 Be7 11. Qf3 Nb6 12. 0-0 Nc8 13. Nf2 Nd6 14. e4 dxe4 15. Ndxe4 Ndxe4 16. Nxe4 Nxe4 17. Qxe4 Qd5 18. Qxd5 exd5 19. f5 Kd7 20. Bf4 Rae8 21. Rae1 Bd6 22. Bxd6 Kxd6 23. Kf2 a5 24. Rxe8 Rxe8 25. Re1 Rxe1 26. Kxe1 Ke7 27. Kf2 Kf6 28. g4 g6 29. fxg6 fxg6 30. Kf3 g5 31. Ke3 Ke6 32. Kd3 Kd6 33. b3 b5 34. b4 a4 35. Ke3 Ke6 1/2-1/2

[Event "NOR-chT Clubs"]
[Site "Drammen"]
[Date "2022.05.26"]
[Round "3"]
[White "Elmi, Saad Abobaker"]
[Black "Omtvedt, Aleksander"]
[Result "1-0"]
[WhiteElo "2155"]
[BlackElo "1915"]
[PlyCount "55"]
[EventDate "2022.05.26"]
[EventType "team-swiss"]
[EventRounds "6"]
[EventCountry "NOR"]
[SourceTitle "EXT 2024"]
[Source "ChessBase"]
[SourceDate "2023.10.10"]
[SourceVersion "1"]
[SourceVersionDate "2023.10.10"]
[SourceQuality "1"]
[WhiteTeam "Baerum"]
[BlackTeam "Oslo SK 1911"]
[WhiteTeamCountry "NOR"]
[BlackTeamCountry "NOR"]

1. e4 e5 2. Nc3 Nf6 3. Bc4 Nxe4 4. Qh5 Nd6 5. Bb3 Nc6 6. Nb5 g6 7. Qf3 Qe7 8. Nxc7+ Kd8 9. Nxa8 b6 10. h4 Bb7 11. Qh3 Bxa8 12. d3 e4 13. d4 Nxd4 14. Be3 N6f5 15. 0-0-0 Nxb3+ 16. axb3 Nxe3 17. Qxe3 h5 18. Kb1 Bg7 19. Ne2 Re8 20. Rd2 Kc7 21. Nd4 Qe5 22. Rhd1 Re7 23. c3 a6 24. Nc2 Bf6 25. Nb4 Bxh4 26. Nd5+ Bxd5 27. Rxd5 Qe6 28. Qf4+ 1-0

[Event "NOR-chT Clubs"]
[Site "Drammen"]
[Date "2022.05.26"]
[Round "5"]
[White "Omtvedt, Aleksander"]
[Black "Kaasen, Tor Fredrik"]
[Result "0-1"]
[WhiteElo "1915"]
[BlackElo "2461"]
[PlyCount "71"]
[EventDate "2022.05.26"]
[EventType "team-swiss"]
[EventRounds "6"]
[EventCountry "NOR"]
[SourceTitle "EXT 2024"]
[Source "ChessBase"]
[SourceDate "2023.10.10"]
[SourceVersion "1"]
[SourceVersionDate "2023.10.10"]
[SourceQuality "1"]
[WhiteTeam "Oslo SK 1911"]
[BlackTeam "Valerenga"]
[WhiteTeamCountry "NOR"]
[BlackTeamCountry "NOR"]

1. c4 g6 2. Nc3 Bg7 3. d4 Nf6 4. Nf3 0-0 5. g3 d6 6. Bg2 Nc6 7. d5 Na5 8. Nd2 c5 9. 0-0 a6 10. Qc2 b5 11. cxb5 Qb6 12. bxa6 Bf5 13. e4 Bc8 14. b3 Bxa6 15. Re1 Ng4 16. Na4 Qa7 17. Bb2 Ne5 18. Bf1 Rfb8 19. Bc3 Bxf1 20. Rxf1 c4 21. b4 Nac6 22. dxc6 Qxa4 23. Qxa4 Rxa4 24. Bxe5 Bxe5 25. Rab1 c3 26. Nf3 c2 27. Rbc1 Rxa2 28. Nxe5 dxe5 29. Ra1 Rxa1 30. Rxa1 Rxb4 31. c7 Rc4 32. Rc1 Rxc7 33. Kf1 Rc4 34. f3 Rc3 35. Ke2 Kg7 36. Ra1 0-1

[Event "Gibraltar Amateur op-A"]
[Site "Caleta"]
[Date "2019.01.24"]
[Round "4"]
[White "Omtvedt, Aleksander"]
[Black "Kuenitz, Klaus"]
[Result "1-0"]
[WhiteElo "1896"]
[BlackElo "1723"]
[PlyCount "75"]
[EventDate "2019.01.21"]
[EventType "swiss"]
[EventRounds "5"]
[EventCountry "GGB"]
[SourceTitle "CBM 188 Extra"]
[Source "ChessBase"]
[SourceDate "2019.02.26"]
[SourceVersion "1"]
[SourceVersionDate "2019.02.26"]
[SourceQuality "1"]

1. d4 d5 2. c4 e6 3. Nf3 Nf6 4. g3 b6 5. Bg2 Bb7 6. 0-0 dxc4 7. Qa4+ Nbd7 8. Ne5 Bxg2 9. Kxg2 Bd6 10. Nc6 Qc8 11. Qxc4 0-0 12. f3 Qb7 13. e4 e5 14. d5 a5 15. Bg5 h6 16. Bxf6 Nxf6 17. Nc3 Rfe8 18. Rfc1 Nd7 19. Nb5 Bc5 20. a3 a4 21. Nc3 Qa6 22. Qxa6 Rxa6 23. Nb5 Bd6 24. Nxd6 cxd6 25. Nb4 Ra7 26. Rc6 Kf8 27. Rxd6 Rc7 28. Rc6 Rec8 29. Rac1 Rxc6 30. Rxc6 Ra8 31. Kf2 Ke7 32. Ke3 Ra5 33. Rc8 Rc5 34. Rc6 Rxc6 35. Nxc6+ Kd6 36. Kd3 Kc5 37. Nd8 f6 38. Ne6+ 1-0

[Event "Kragero Grand Prix A"]
[Site "Kragero"]
[Date "2013.09.06"]
[Round "2"]
[White "Omtvedt, Aleksander"]
[Black "Bjorn, Lasse E"]
[Result "1/2-1/2"]
[WhiteElo "1718"]
[BlackElo "1804"]
[PlyCount "82"]
[EventDate "2013.09.06"]
[EventType "swiss"]
[EventRounds "5"]
[EventCountry "NOR"]
[SourceTitle "EXT 2024"]
[Source "ChessBase"]
[SourceDate "2023.10.10"]
[SourceVersion "1"]
[SourceVersionDate "2023.10.10"]
[SourceQuality "1"]

1. e4 e6 2. d4 d5 3. Nd2 Nf6 4. e5 Nfd7 5. Ngf3 c5 6. c3 Nc6 7. Bd3 Qb6 8. 0-0 cxd4 9. cxd4 Nxd4 10. Nxd4 Qxd4 11. Nf3 Qb6 12. Qa4 Be7 13. Be3 Bc5 14. Bxc5 Qxc5 15. Rac1 Qe7 16. Rc7 0-0 17. Bb5 Rd8 18. Rfc1 h6 19. R1c3 a6 20. h3 Rb8 21. Bd3 b5 22. Qd4 Qf8 23. Qa7 f6 24. Rxc8 Rbxc8 25. Rxc8 Rxc8 26. Qxd7 Rc1+ 27. Kh2 Qc8 28. Qe7 Rc7 29. Qd6 Rc6 30. Qe7 Rc7 31. Qd6 Kf7 32. exf6 gxf6 33. Qf4 Rc1 34. Qxh6 Qc7+ 35. g3 Qc5 36. Bg6+ Ke7 37. Kg2 f5 38. Qg7+ Kd6 39. Qf8+ Kc7 40. Qf7+ Kb8 41. Ne5 Qd6 1/2-1/2

[Event "NOR-ch Class2"]
[Site "Lillehammer"]
[Date "2013.06.29"]
[Round "5"]
[White "Omtvedt, Aleksander"]
[Black "Soreng, Eirik"]
[Result "1/2-1/2"]
[WhiteElo "1692"]
[BlackElo "1698"]
[PlyCount "60"]
[EventDate "2013.06.29"]
[EventType "swiss"]
[EventRounds "9"]
[EventCountry "NOR"]
[SourceTitle "EXT 2017"]
[Source "ChessBase"]
[SourceDate "2016.10.25"]
[SourceVersion "1"]
[SourceVersionDate "2016.10.25"]
[SourceQuality "1"]

1. d4 d5 2. c4 c6 3. Nc3 dxc4 4. a4 Bd7 5. e4 b5 6. d5 b4 7. Na2 cxd5 8. exd5 a5 9. Bxc4 Nf6 10. Bf4 g6 11. Nf3 Bg7 12. 0-0 0-0 13. Re1 Bg4 14. h3 Bxf3 15. Qxf3 Nbd7 16. d6 exd6 17. Bxd6 Re8 18. Rxe8+ Qxe8 19. Rd1 Nb6 20. Bb5 Qe6 21. b3 Rd8 22. Bh2 Nfd5 23. Nc1 Rc8 24. Qe2 Qxe2 25. Nxe2 Nc3 26. Re1 Bf6 27. Ba6 Nxe2+ 28. Bxe2 Nd5 29. Bc4 Nc3 30. Bf4 Bd4 1/2-1/2

[Event "NOR-ch Class2"]
[Site "Lillehammer"]
[Date "2013.06.29"]
[Round "6"]
[White "Wister, Tom R"]
[Black "Omtvedt, Aleksander"]
[Result "1/2-1/2"]
[WhiteElo "1609"]
[BlackElo "1692"]
[PlyCount "72"]
[EventDate "2013.06.29"]
[EventType "swiss"]
[EventRounds "9"]
[EventCountry "NOR"]
[SourceTitle "EXT 2017"]
[Source "ChessBase"]
[SourceDate "2016.10.25"]
[SourceVersion "1"]
[SourceVersionDate "2016.10.25"]
[SourceQuality "1"]

1. d4 d5 2. c4 e6 3. Nc3 f5 4. g3 Nf6 5. Bg2 c6 6. Bf4 Be7 7. Nf3 Nbd7 8. c5 Ne4 9. Qc2 Qa5 10. a3 0-0 11. 0-0 Bf6 12. e3 Re8 13. b4 Qd8 14. Nd2 Nxc3 15. Qxc3 e5 16. dxe5 Nxe5 17. Qc2 Nf7 18. Rad1 g5 19. Bd6 Nxd6 20. cxd6 Qxd6 21. Nb3 Qe5 22. Nd4 Bd7 23. Rfe1 Bg7 24. Re2 Rad8 25. Red2 Kh8 26. a4 a6 27. b5 axb5 28. axb5 Rc8 29. bxc6 bxc6 30. Nb3 Bf8 31. Nc5 Bxc5 32. Qxc5 Rb8 33. Qc2 Rb6 34. Bxd5 Rc8 35. Bf7 Be8 36. Bxe8 Rxe8 1/2-1/2

[Event "NOR-chB"]
[Site "Stavanger"]
[Date "2005.07.04"]
[Round "3"]
[White "Garmannslund, Vidar"]
[Black "Omtvedt, Aleksander"]
[Result "1-0"]
[WhiteElo "1596"]
[BlackElo "1508"]
[PlyCount "65"]
[EventDate "2005.07.01"]
[EventType "swiss"]
[EventRounds "9"]
[EventCountry "NOR"]
[SourceTitle "CBM 107 Extra"]
[Source "ChessBase"]
[SourceDate "2005.09.01"]
[SourceVersion "1"]
[SourceVersionDate "2005.09.01"]
[SourceQuality "1"]

1. e4 e5 2. Nf3 Nc6 3. Bc4 Bc5 4. c3 d6 5. b4 Bb6 6. d3 Nf6 7. h3 0-0 8. 0-0 Qe7 9. Bg5 Be6 10. Nbd2 a5 11. b5 Na7 12. a4 c6 13. Bxe6 Qxe6 14. Nc4 Bd8 15. bxc6 bxc6 16. Rb1 Bc7 17. Rb7 Qc8 18. Rxc7 Qxc7 19. Bxf6 gxf6 20. Nh4 Kh8 21. Qf3 Qe7 22. Nf5 Qe6 23. Ncxd6 Nc8 24. Nb7 Rg8 25. Nc5 Qe8 26. Rb1 Rg6 27. h4 Ne7 28. h5 Rg5 29. Nd6 Qg8 30. Qxf6+ Qg7 31. Nxf7+ Kg8 32. Qxg5 Kxf7 33. Qxg7+ 1-0